000 00543nam a2200193Ia 4500
005 20250508162810.0
008 008 250505s9999 xx 000 0 eng d
037 _aTextual
040 _aFEDL
_beng
_cFEDL
041 _aeng
_2eng
084 _a305.4, KRI
_qFEDL
100 _aKrishnaraj Maithreyi
245 0 _aWomen and science : Selected essays
260 _aBombay, India
_bHimalaya Publishing House
_c1991
300 _a328p.
650 _aSocial Structure
942 _cTEXL
_h305.4, KRI
999 _c1378748
_d1378748